000 00949nam a2200217Ia 4500
001 270
003 GE_BSU
008 181216s||||||||xx |||||||||||||| ||und||
020 _a9994009680
040 _cGE_BSU
080 _a94(479.9)
100 _aასანიშვილი, ფიქრია
245 _aსამხრეთ კავკასიის უსაფრთხოების პრობლემები ტრანსფორმირებად საერთაშორისო სისტემაში
260 _aთბილისი
260 _bინტელექტი
260 _c2006
300 _a159 გვ.
541 _h6 ლ.
653 _aსამხრეთ კავკასიის უსაფრთხოების პრობლემები ტრანსფორმირებად საერთაშორისო სისტემაში
942 _cBK
999 _c34520
_d34520